[Event "DVM U14w 2020"]
[Site "Willingen GER"]
[Date "2021.06.24"]
[Round "1"]
[White "Reddi, Bhuvana"]
[Black "Modali, Nikhilamrutha"]
[Result "1/2-1/2"]
[Termination "normal"]
[Board "3.2"]
[WhiteElo "1359"]
[BlackElo "1205"]
[WhiteClock "00:45:56"]
[BlackClock "00:26:42"]
[WhiteTeam "SC Weisse Dame e.V."]
[BlackTeam "Hamburger SK von 1830"]
[PlyCount "104"]
[WhiteFideId "16287002"]
[BlackFideId "16282370"]
[EventCountry "GER"]
[EventRounds "7"]
[EventType "team-swiss"]
[EventDate "2021.06.23"]

{[%evp 0,90,28,28,60,63,53,65,46,-2,20,23,23,6,26,-36,19,14,12,19,20,-23,-37,
-107,-109,-94,-81,-69,-78,-50,-65,-157,-108,-118,-113,-116,-64,-49,-65,-98,-74,
-122,-117,-127,32,43,63,65,75,-24,-28,-80,-75,-105,-74,-123,40,-255,0,-2,-15,
-19,48,58,58,59,58,39,50,50,87,37,50,70,130,130,173,144,152,164,165,173,189,
194,270,285,344,238,263,226,254,284,286]} 1. e4 c6 2. d4 d5 3. exd5 cxd5 4. c4
e6 5. Nc3 Nf6 6. Bg5 Be7 7. Qb3 Qb6 8. Qxb6 axb6 9. Nf3 Nc6 10. Nb5 O-O 11. Ne5
Bb4+ 12. Ke2 Ne4 13. Be3 Nxe5 14. dxe5 dxc4 15. a3 c3 16. bxc3 Nxc3+ 17. Kf3
Nxb5 18. Bxb5 Bc3 19. Rab1 Bxe5 20. Bxb6 Rxa3+ 21. Ke4 Bf6 22. Bc5 Ra2 23. Bxf8
Kxf8 24. Ke3 b6 25. Bc6 Bg5+ 26. Kf3 Ra3+ 27. Kg4 Rc3 28. Bf3 Bd8 29. Rhc1 e5+
30. Kh5 g6+ 31. Kh6 Rxc1 32. Rxc1 Bf5 33. g4 Be6 34. Kxh7 Bg5 35. Rh1 Bd7 36.
h4 Bf4 37. Rd1 Be8 38. Rb1 b5 39. Be2 Bd7 40. g5 Bh2 41. Bxb5 Bxb5 42. Rxb5 Bg1
43. f3 Bf2 44. Rb4 Bg3 45. Kh6 Bf2 {normal} 46. Rb8+ Ke7 47. h5 gxh5 48. Kxh5
Bc5 49. Rb5 Bd4 50. Kh6 Ke6 51. Rb7 Be3 52. Rb2 Kf5 1/2-1/2

[Event "DVM U14w 2020"]
[Site "Willingen GER"]
[Date "2021.06.24"]
[Round "1"]
[White "Wu, Yvonne Yihan"]
[Black "Schmidt, Luise"]
[Result "1-0"]
[Termination "normal"]
[Board "3.3"]
[WhiteElo "1123"]
[BlackElo "1390"]
[WhiteClock "00:02:37"]
[BlackClock "00:01:20"]
[WhiteTeam "Hamburger SK von 1830"]
[BlackTeam "SC Weisse Dame e.V."]
[PlyCount "143"]
[WhiteFideId "16298330"]
[BlackFideId "16294475"]
[EventCountry "GER"]
[EventRounds "7"]
[EventType "team-swiss"]
[EventDate "2021.06.23"]

{[%evp 0,95,34,34,37,51,57,57,57,55,100,88,84,87,125,112,111,84,110,117,118,82,
88,66,60,53,98,92,69,22,78,65,69,71,115,102,138,110,111,99,98,26,91,27,84,75,
68,85,152,139,144,144,208,227,234,230,196,206,225,191,171,102,105,82,111,89,
117,78,86,87,75,71,75,67,77,67,85,66,75,75,65,0,58,81,86,82,94,96,89,107,113,
81,89,107,241,103,689,1142]} 1. e4 d5 2. exd5 Qxd5 3. Nc3 Qa5 4. d4 c6 5. Nf3
Nf6 6. Bd3 g6 7. O-O Bg7 8. h3 O-O 9. Re1 Qd8 10. Ne2 Re8 11. Nf4 Nbd7 12. c4
Nf8 13. Bc2 Ne6 14. Bb3 Nxf4 15. Bxf4 Be6 16. Ng5 Nh5 17. Be5 Bxe5 18. Rxe5 Bc8
19. c5 e6 20. Qe2 Kg7 21. Re1 h6 22. Nf3 Nf4 23. Qe4 Nd5 24. Bxd5 cxd5 25. Rxd5
Qxd5 26. Qxd5 exd5 27. Rxe8 b6 28. b4 Bb7 29. Rxa8 Bxa8 30. cxb6 axb6 31. Kf1
Kf6 32. Ke2 g5 33. Kd3 Bc6 34. Ne5 Bb5+ 35. Kc3 Ke6 36. g3 f6 37. Nf3 Bc4 38.
a3 b5 39. Nd2 Be2 40. h4 h5 41. Nb3 Kd6 42. Nc5 Bc4 43. a4 bxa4 44. Nxa4 Bb5
45. Nc5 gxh4 46. gxh4 Bc4 47. Nb7+ Kc6 48. Na5+ Kd6 49. Nxc4+ dxc4 50. Kxc4 f5
51. f4 Kc6 52. b5+ Kb6 53. Kd5 Kxb5 54. Kd6 Kc4 55. Ke5 Kd3 56. d5 Ke3 57. d6
Kf3 58. d7 Kg3 59. d8=Q Kg4 60. Qg8+ Kxh4 61. Qg5+ Kh3 62. Qxh5+ Kg3 63. Qxf5
Kf3 64. Qh5+ Kf2 65. Qh3 Kg1 66. f5 Kf2 67. f6 Kg1 68. f7 Kf2 69. f8=Q+ Ke2 70.
Qff3+ Ke1 71. Qfg2 Kd1 72. Qhh1# 1-0

[Event "DVM U14w 2020"]
[Site "Willingen GER"]
[Date "2021.06.24"]
[Round "1"]
[White "Xiao, Yiyi"]
[Black "Krasikova, Milana"]
[Result "1-0"]
[Termination "normal"]
[Board "3.4"]
[WhiteElo "1381"]
[BlackElo "1077"]
[WhiteClock "01:30:36"]
[BlackClock "00:34:55"]
[WhiteTeam "SC Weisse Dame e.V."]
[BlackTeam "Hamburger SK von 1830"]
[PlyCount "99"]
[WhiteFideId "34605665"]
[BlackFideId "16287347"]
[EventCountry "GER"]
[EventRounds "7"]
[EventType "team-swiss"]
[EventDate "2021.06.23"]

1. e4 e5 2. Nf3 Nc6 3. Bc4 Nf6 4. Nc3 Bb4 5. O-O d6 6. d3 Bg4 7. Bg5 h6 8. Bh4
O-O 9. Nd5 g5 10. Bg3 Bc5 11. Qc1 Bxf3 12. gxf3 Nxd5 13. Bxd5 Nd4 14. Qd1 c6
15. Bb3 Qf6 16. Kg2 h5 17. h3 Rad8 18. c3 Nxb3 19. axb3 d5 20. Qe2 d4 21. Rad1
Rfe8 22. Rfe1 Qg6 23. Kh1 Bd6 24. Bh4 Kf8 25. Rg1 f6 26. Qd2 Qf7 27. Bxg5 fxg5
28. Rxg5 Qxf3+ 29. Kh2 Qf4+ 30. Qxf4+ exf4 31. f3 dxc3 32. bxc3 Kf7 33. Rxh5
Rg8 34. d4 b6 35. e5 Kg6 36. Rh4 Bxe5 37. Rg1+ Kf7 38. Rxg8 Rxg8 39. dxe5 Ke6
40. Rxf4 Kxe5 41. Rg4 Rf8 42. Kg3 a5 43. h4 b5 44. h5 c5 45. h6 Rh8 46. f4+ Kf6
47. Rg5 Rxh6 48. Rxc5 Rg6+ 49. Kf3 Ke6 50. Rxb5 {normal} 1-0

[Event "DVM U14w 2020"]
[Site "Willingen GER"]
[Date "2021.06.24"]
[Round "1"]
[White "Moldovan, Stela"]
[Black "Buchholz, Maja"]
[Result "0-1"]
[Termination "normal"]
[Board "4.2"]
[WhiteElo "1336"]
[BlackElo "1713"]
[WhiteClock "01:04:02"]
[BlackClock "00:35:25"]
[WhiteTeam "SG Königskinder Hohentübingen e.V."]
[BlackTeam "VSG 1880 Offenbach"]
[PlyCount "110"]
[WhiteFideId "16287380"]
[BlackFideId "16200500"]
[EventCountry "GER"]
[EventRounds "7"]
[EventType "team-swiss"]
[EventDate "2021.06.23"]

1. d4 {[%clk 1:30:47]} Nf6 {[%clk 1:30:54]} 2. Nf3 {[%clk 1:31:04]} g6 {[%clk
1:31:18]} 3. e3 {[%clk 1:31:27]} Bg7 {[%clk 1:31:40]} 4. Bd3 {[%clk 1:31:27]}
O-O {[%clk 1:31:58]} 5. Nbd2 {[%clk 1:31:22]} d6 {[%clk 1:32:16]} 6. b3 {[%clk
1:31:11]} Nbd7 {[%clk 1:32:37]} 7. Bb2 {[%clk 1:31:26]} Re8 {[%clk 1:32:56]} 8.
O-O {[%clk 1:29:12]} e5 {[%clk 1:33:08]} 9. dxe5 {[%clk 1:28:22]} dxe5 {[%clk
1:33:31]} 10. Bc4 {[%clk 1:28:18]} e4 {[%clk 1:29:32]} 11. Ng5 {[%clk 1:26:07]}
Re7 {[%clk 1:27:11]} 12. f3 {[%clk 1:24:40]} Nf8 {[%clk 1:17:45]} 13. fxe4
{[%clk 1:24:40]} Ne6 {[%clk 1:10:46]} 14. Nxe6 {[%clk 1:21:55]} Bxe6 {[%clk
1:11:04]} 15. Bxf6 {[%clk 1:22:18]} Bxf6 {[%clk 1:10:32]} 16. Rxf6 {[%clk
1:22:15]} Rd7 {[%clk 1:04:07]} 17. Rf2 {[%clk 1:22:25]} Bxc4 {[%clk 1:04:15]}
18. bxc4 Qe7 {[%clk 1:03:55]} 19. Qe2 {[%clk 1:21:49]} Rad8 {[%clk 1:04:01]}
20. Rd1 {[%clk 1:22:00]} Qa3 {[%clk 1:03:17]} 21. Rff1 {[%clk 1:21:26]} Qxa2
{[%clk 1:00:51]} 22. Nb3 {[%clk 1:16:55]} Qb2 {[%clk 0:59:22]} 23. Rxd7 {[%clk
1:13:49]} Rxd7 {[%clk 0:59:47]} 24. Rd1 {[%clk 1:14:07]} Re7 {[%clk 1:00:09]}
25. Rd8+ {[%clk 1:13:58]} Kg7 {[%clk 1:00:30]} 26. Qd3 {[%clk 1:14:06]} Qb1+
{[%clk 0:57:54]} 27. Kf2 {[%clk 1:13:23]} Re6 {[%clk 0:58:02]} 28. Qd1 {[%clk
1:12:01]} Rf6+ {[%clk 0:55:55]} 29. Ke2 {[%clk 1:12:07]} Qb2 {[%clk 0:56:02]}
30. Rd4 {[%clk 1:11:47]} b6 {[%clk 0:54:40]} 31. Qc1 {[%clk 1:11:32]} Qc3
{[%clk 0:54:15]} 32. Qd2 {[%clk 1:11:15]} Qb2 {[%clk 0:54:07]} 33. Kd3 {[%clk
1:10:09]} Rf1 {[%clk 0:52:56]} 34. Qc3 {[%clk 1:09:59]} Qb1 {[%clk 0:42:07]}
35. Nd2 {[%clk 1:10:03]} Qd1 {[%clk 0:42:17]} 36. Rd7+ {[%clk 1:09:44]} Kh6
{[%clk 0:42:12]} 37. Rxc7 {[%clk 1:09:06]} a5 {[%clk 0:41:22]} 38. c5 {[%clk
1:08:47]} bxc5 {[%clk 0:39:44]} 39. Qxc5 {[%clk 1:08:54]} Rf2 {[%clk 0:37:42]}
40. Qf8+ {[%clk 1:09:08]} Kh5 {[%clk 0:36:41]} 41. Rc5+ {[%clk 1:09:16]} Kg4
{[%clk 0:36:56]} 42. Qc8+ {[%clk 1:09:20]} f5 {[%clk 0:37:08]} 43. h3+ {[%clk
1:09:25]} Kg3 {[%clk 0:36:19]} 44. Kc4 {[%clk 1:08:44]} Qxc2+ {[%clk 0:34:51]}
45. Kb5 {[%clk 1:08:56]} Qxd2 {[%clk 0:35:06]} 46. exf5 {[%clk 1:09:03]} Rxf5
{[%clk 0:32:58]} 47. Rxf5 {[%clk 1:09:05]} Qd3+ {[%clk 0:32:54]} 48. Kxa5
{[%clk 1:06:13]} Qxf5+ {[%clk 0:33:18]} 49. Qxf5 {[%clk 1:06:10]} gxf5 {[%clk
0:33:44]} 50. Kb4 {[%clk 1:06:27]} Kxg2 {[%clk 0:34:04]} 51. Kc4 {[%clk
1:06:17]} Kxh3 {[%clk 0:34:26]} 52. Kd4 {[%clk 1:06:34]} h5 {[%clk 0:34:30]}
53. Kd3 {[%clk 1:06:23]} h4 {[%clk 0:34:45]} 54. Kd4 {[%clk 1:04:45]} Kg4
{[%clk 0:35:04]} 55. Kd3 {[%clk 1:04:02]} h3 {[%clk 0:35:25]} 0-1

[Event "DVM U14w 2020"]
[Site "Willingen GER"]
[Date "2021.06.24"]
[Round "1"]
[White "Dixon Quiroz, Laura Michaela"]
[Black "Stasaitis, Paulina"]
[Result "1-0"]
[Termination "normal"]
[Board "4.3"]
[WhiteElo "1304"]
[BlackElo "1119"]
[WhiteTeam "VSG 1880 Offenbach"]
[BlackTeam "SG Königskinder Hohentübingen e.V."]
[PlyCount "53"]
[WhiteFideId "16248708"]
[BlackFideId "34606165"]
[EventCountry "GER"]
[EventRounds "7"]
[EventType "team-swiss"]
[EventDate "2021.06.23"]

{[%evp 0,53,34,34,34,34,66,70,70,32,54,49,45,-30,-12,-565,-578,-584,-587,-569,
-593,-587,-581,-612,-346,-616,-629,-630,-543,-647,-612,-622,-612,-646,-581,
-581,-596,-630,-590,-597,-587,-612,-624,-681,-591,-726,-635,-731,-668,-246,
-234,-234,29997,29998,29999,-30000]} 1. e4 e5 2. Nf3 Nf6 3. d4 d5 4. exd5 exd4
5. Qxd4 Qxd5 6. Qc3 Qe4+ 7. Be3 Bb4 8. Bd3 Bxc3+ 9. Nxc3 Qe7 10. O-O-O O-O 11.
h4 Ng4 12. Rde1 Nxe3 13. Rxe3 Be6 14. g4 Qf6 15. Ne4 Qd8 16. g5 Bg4 17. Ne5 Bf5
18. f4 Bxe4 19. Bxe4 c6 20. h5 f6 21. Nf3 Qb6 22. Re2 Nd7 23. Bf5 Rad8 24. Be6+
Kh8 25. Nh4 fxg5 26. Ng6+ hxg6 27. hxg6# 1-0

[Event "DVM U14w 2020"]
[Site "Willingen GER"]
[Date "2021.06.24"]
[Round "1"]
[White "von Beckh, Frieda"]
[Black "Adelmeyer, Nelly"]
[Result "1/2-1/2"]
[Termination "normal"]
[Board "5.1"]
[WhiteElo "1610"]
[BlackElo "1458"]
[WhiteClock "00:11:40"]
[BlackClock "00:30:00"]
[WhiteTeam "SV Multatuli Ingelheim e.V."]
[BlackTeam "SV Roter Turm Halle"]
[PlyCount "134"]
[WhiteFideId "16233751"]
[BlackFideId "16203577"]
[EventCountry "GER"]
[EventRounds "7"]
[EventType "team-swiss"]
[EventDate "2021.06.23"]

1. e4 {[%clk 1:30:56]} e6 {[%clk 1:30:50]} 2. d4 {[%clk 1:31:19]} d5 {[%clk
1:31:14]} 3. Nc3 {[%clk 1:31:43]} Bb4 {[%clk 1:30:38]} 4. exd5 {[%clk 1:31:43]}
exd5 {[%clk 1:30:37]} 5. Nf3 {[%clk 1:30:53]} Nf6 {[%clk 1:29:13]} 6. Bg5
{[%clk 1:30:44]} O-O {[%clk 1:23:23]} 7. Be2 {[%clk 1:28:36]} Bf5 {[%clk
1:20:16]} 8. O-O {[%clk 1:27:38]} c6 {[%clk 1:20:16]} 9. Ne5 {[%clk 1:18:44]}
Nbd7 {[%clk 1:19:53]} 10. Bd3 {[%clk 1:11:16]} Bg6 {[%clk 1:17:03]} 11. Nxd7
{[%clk 1:03:09]} Qxd7 {[%clk 1:16:58]} 12. Bxf6 {[%clk 1:03:04]} gxf6 {[%clk
1:17:20]} 13. Qf3 {[%clk 1:03:17]} Bxd3 {[%clk 1:14:29]} 14. Qxd3 {[%clk
1:00:36]} Bxc3 {[%clk 1:14:23]} 15. Qxc3 {[%clk 1:00:01]} Qg4 {[%clk 1:14:03]}
16. Rae1 {[%clk 0:57:58]} Rae8 {[%clk 1:13:03]} 17. Re3 {[%clk 0:56:09]} Rxe3
{[%clk 1:11:40]} 18. fxe3 {[%clk 0:55:18]} Qg5 {[%clk 1:07:29]} 19. Rf3 {[%clk
0:53:52]} Kh8 {[%clk 1:07:09]} 20. Qb4 {[%clk 0:42:05]} Rg8 {[%clk 0:57:37]}
21. g3 {[%clk 0:40:40]} Re8 {[%clk 0:54:32]} 22. Qxb7 {[%clk 0:34:15]} Rxe3
{[%clk 0:53:26]} 23. Qb8+ {[%clk 0:32:05]} Kg7 {[%clk 0:52:33]} 24. Qf4 {[%clk
0:31:39]} Rxf3 {[%clk 0:51:34]} 25. Qxf3 {[%clk 0:32:00]} Qc1+ {[%clk 0:50:58]}
26. Kf2 {[%clk 0:30:34]} Qxc2+ {[%clk 0:47:10]} 27. Qe2 {[%clk 0:30:40]} Qxe2+
{[%clk 0:45:33]} 28. Kxe2 {[%clk 0:30:56]} f5 {[%clk 0:45:29]} 29. Kf3 {[%clk
0:30:30]} Kg6 {[%clk 0:44:27]} 30. Kf4 {[%clk 0:30:34]} Kf6 {[%clk 0:44:18]}
31. b4 {[%clk 0:29:05]} h6 {[%clk 0:43:20]} 32. h3 {[%clk 0:25:07]} a6 {[%clk
0:37:02]} 33. Ke3 {[%clk 0:22:48]} Kg5 {[%clk 0:35:22]} 34. Kf3 {[%clk
0:22:32]} Kf6 {[%clk 0:29:52]} 35. Kf4 {[%clk 0:22:54]} Kg6 {[%clk 0:26:38]}
36. Ke3 {[%clk 0:23:02]} Kg5 {[%clk 0:16:23]} 37. Kf3 {[%clk 0:23:22]} Kf6
{[%clk 0:14:51]} 38. Kf4 {[%clk 0:23:45]} Ke6 {[%clk 0:12:02]} 39. Ke3 {[%clk
0:23:54]} Kd6 {[%clk 0:10:02]} 40. a4 {[%clk 0:23:42]} Ke6 {[%clk 0:09:11]} 41.
Kf4 {[%clk 0:24:02]} Kf6 {[%clk 0:09:23]} 42. Ke3 {[%clk 0:24:22]} Kg5 {[%clk
0:09:26]} 43. Kf3 {[%clk 0:24:22]} f4 {[%clk 0:07:38]} 44. h4+ {[%clk 0:24:30]}
Kf5 {[%clk 0:06:22]} 45. g4+ {[%clk 0:24:52]} Kg6 {[%clk 0:05:42]} 46. Kxf4
{[%clk 0:25:16]} h5 {[%clk 0:04:10]} 47. g5 {[%clk 0:25:16]} f6 {[%clk
0:03:59]} 48. gxf6 {[%clk 0:23:49]} Kxf6 {[%clk 0:04:24]} 49. a5 {[%clk
0:24:03]} Kf7 {[%clk 0:02:43]} 50. Kf5 {[%clk 0:23:44]} Ke7 {[%clk 0:01:33]}
51. Ke5 {[%clk 0:22:28]} Kd7 {[%clk 0:01:33]} 52. Kf5 {[%clk 0:21:39]} Ke7
{[%clk 0:01:11]} 53. Kg5 {[%clk 0:21:43]} Ke6 {[%clk 0:01:30]} 54. Kg6 {[%clk
0:21:58]} Ke7 {[%clk 0:01:53]} 55. Kxh5 {[%clk 0:22:05]} Kf6 {[%clk 0:02:14]}
56. Kg4 {[%clk 0:21:21]} Kg6 {[%clk 0:01:23]} 57. h5+ {[%clk 0:21:45]} Kh6
{[%clk 0:01:11]} 58. Kh4 {[%clk 0:22:03]} Kh7 {[%clk 0:00:54]} 59. Kg5 {[%clk
0:22:27]} Kg7 {[%clk 0:01:19]} 60. h6+ {[%clk 0:22:51]} Kh7 {[%clk 0:01:11]}
61. Kf6 {[%clk 0:22:54]} Kxh6 {[%clk 0:01:26]} 62. Ke6 {[%clk 0:23:19]} Kg5
{[%clk 0:01:52]} 63. b5 {[%clk 0:20:59]} cxb5 {[%clk 0:01:27]} 64. Kxd5 {[%clk
0:21:08]} Kf6 {[%clk 0:01:36]} 65. Kc6 {[%clk 0:18:55]} Ke7 {[%clk 0:00:37]}
66. Kc7 {[%clk 0:11:39]} Ke6 {[%clk 0:00:42]} 67. Kc6 {[%clk 0:11:40]} Ke7
{[%clk 0:30:00]} 1/2-1/2

[Event "DVM U14w 2020"]
[Site "Willingen GER"]
[Date "2021.06.24"]
[Round "1"]
[White "Lorenz, Anouk"]
[Black "Albrecht, Angelique"]
[Result "1-0"]
[Termination "normal"]
[Board "5.2"]
[WhiteElo "1460"]
[BlackElo "1263"]
[WhiteClock "00:00:43"]
[BlackClock "00:02:15"]
[WhiteTeam "SV Roter Turm Halle"]
[BlackTeam "SV Multatuli Ingelheim e.V."]
[PlyCount "65"]
[WhiteFideId "12990256"]
[BlackFideId "16298284"]
[EventCountry "GER"]
[EventRounds "7"]
[EventType "team-swiss"]
[EventDate "2021.06.23"]

1. e4 {[%clk 1:30:57]} e6 {[%clk 1:30:37]} 2. d4 {[%clk 1:30:35]} d5 {[%clk
1:31:00]} 3. e5 {[%clk 1:30:49]} c5 {[%clk 1:31:24]} 4. Nf3 {[%clk 1:30:13]}
Nc6 {[%clk 1:29:33]} 5. c3 {[%clk 1:20:54]} f6 {[%clk 1:26:08]} 6. Be3 {[%clk
1:04:40]} fxe5 {[%clk 1:21:09]} 7. dxe5 {[%clk 1:03:15]} Qc7 {[%clk 1:19:16]}
8. Bf4 {[%clk 1:01:13]} Nge7 {[%clk 1:19:05]} 9. Bg3 {[%clk 0:57:41]} c4 {[%clk
1:14:39]} 10. b3 {[%clk 0:53:38]} b5 {[%clk 1:11:53]} 11. a4 {[%clk 0:46:54]}
Qa5 {[%clk 1:01:34]} 12. b4 {[%clk 0:24:30]} Qb6 {[%clk 0:57:11]} 13. Na3
{[%clk 0:17:13]} a6 {[%clk 0:56:08]} 14. axb5 {[%clk 0:13:24]} axb5 {[%clk
0:56:15]} 15. Nxb5 {[%clk 0:11:14]} Rxa1 {[%clk 0:56:18]} 16. Nd6+ {[%clk
0:11:35]} Kd7 {[%clk 0:53:48]} 17. Qxa1 {[%clk 0:11:59]} Ng6 {[%clk 0:52:48]}
18. Be2 {[%clk 0:08:26]} Bxd6 {[%clk 0:47:03]} 19. exd6 {[%clk 0:08:35]} Ke8
{[%clk 0:46:35]} 20. O-O {[%clk 0:07:17]} Rf8 {[%clk 0:37:06]} 21. Ng5 {[%clk
0:04:43]} h6 {[%clk 0:31:23]} 22. Nh7 {[%clk 0:04:32]} Rh8 {[%clk 0:29:27]} 23.
Bh5 {[%clk 0:04:54]} d4 {[%clk 0:21:45]} 24. Bxg6+ {[%clk 0:04:52]} Kd7 {[%clk
0:21:33]} 25. cxd4 {[%clk 0:03:34]} Nxd4 {[%clk 0:20:27]} 26. Qa4+ {[%clk
0:02:07]} Nb5 {[%clk 0:18:06]} 27. Re1 {[%clk 0:01:54]} Bb7 {[%clk 0:17:28]}
28. Qc2 {[%clk 0:01:00]} Na3 {[%clk 0:10:39]} 29. Qe2 {[%clk 0:00:52]} Rd8
{[%clk 0:03:58]} 30. Qxe6+ {[%clk 0:00:55]} Kc6 {[%clk 0:04:07]} 31. d7+ {[%clk
0:00:33]} Kb5 {[%clk 0:04:02]} 32. Re5+ {[%clk 0:00:43]} Ka6 {[%clk 0:02:15]}
33. Ra5# 1-0

[Event "DVM U14w 2020"]
[Site "Willingen GER"]
[Date "2021.06.24"]
[Round "1"]
[White "Gyácsok, Dzvinka"]
[Black "Derling, Charlotte"]
[Result "0-1"]
[Termination "normal"]
[Board "5.3"]
[WhiteElo "1041"]
[BlackElo "1406"]
[WhiteClock "00:43:25"]
[BlackClock "00:30:20"]
[WhiteTeam "SV Multatuli Ingelheim e.V."]
[BlackTeam "SV Roter Turm Halle"]
[PlyCount "116"]
[WhiteFideId "16298292"]
[BlackFideId "16222237"]
[EventCountry "GER"]
[EventRounds "7"]
[EventType "team-swiss"]
[EventDate "2021.06.23"]

{[%evp 0,84,24,24,46,27,81,61,72,53,54,44,31,-62,-6,-27,43,24,71,24,29,-25,-25,
-17,-3,-8,29,-1,3,-47,-12,-22,-21,-46,-17,-82,-107,-103,-104,-119,129,124,177,
159,230,-234,-238,-539,-539,-575,-515,-565,-588,-613,-620,-620,-364,-364,-366,
-385,-370,-559,-493,-741,-775,-1392,-1015,-1021,-655,-653,-524,-650,-625,-633,
-633,-778,-716,-985,-753,-796,-863,-997,-1172,-1188,-1268,-1272,-1352]} 1. e4
c5 2. Bc4 d6 3. Nf3 Nc6 4. d3 g6 5. Ng5 e6 6. Qf3 Ne5 7. Qf4 Qf6 8. Nc3 Bh6 9.
Qxf6 Nxf6 10. Nb5 Ke7 11. O-O Nxc4 12. dxc4 Bg7 13. Re1 Bd7 14. Nc3 Rab8 15. e5
dxe5 16. Rxe5 b6 17. Bf4 Nh5 18. Re4 Nxf4 19. Rxf4 Bh6 20. Rxf7+ Ke8 21. Rd1
Bc6 22. Nce4 Bxe4 23. Rdd7 Bxg5 24. c3 Bc6 25. Rxa7 Rd8 26. f4 Rd1+ 27. Kf2 Bh6
28. Rfc7 Be4 29. Re7+ Kd8 30. Rf7 Rf8 31. Rxh7 Bxf4 32. Rh3 Bb8+ 33. Ke2 Bxa7
34. Kxd1 Ke7 35. g4 Bf3+ 36. Kc2 Bxg4 37. Rg3 Bh5 38. Kb3 Rf2 39. Rh3 Bb8 40.
Rd3 Rxh2 41. Re3 g5 42. Re1 g4 43. Rb1 Bg6 44. Rg1 g3 45. Ka3 Rc2 46. Kb3 g2
47. a4 Bh2 48. Rxg2 Rxg2 49. Ka3 e5 50. b4 e4 51. a5 bxa5 52. bxa5 e3 53. a6
Be4 54. a7 e2 55. Ka4 e1=Q 56. Kb5 Qxc3 57. Kxc5 Rg5+ 58. Kb6 Qb4+ 0-1

[Event "DVM U14w 2020"]
[Site "Willingen GER"]
[Date "2021.06.24"]
[Round "1"]
[White "Hesse, Sariana"]
[Black "König, Pauline"]
[Result "0-1"]
[Termination "normal"]
[Board "5.4"]
[WhiteElo "1048"]
[BlackElo "1034"]
[WhiteClock "01:20:05"]
[BlackClock "01:07:20"]
[WhiteTeam "SV Roter Turm Halle"]
[BlackTeam "SV Multatuli Ingelheim e.V."]
[PlyCount "42"]
[WhiteFideId "34605843"]
[BlackFideId "34605789"]
[EventCountry "GER"]
[EventRounds "7"]
[EventType "team-swiss"]
[EventDate "2021.06.23"]

1. e4 e5 2. Nf3 Nc6 3. Bc4 d6 4. h3 Nf6 5. d3 Be7 6. O-O O-O 7. Bg5 Nh5 8. Qd2
Bxg5 9. Nxg5 Nf4 10. Qe3 Qxg5 11. g3 Bxh3 12. Re1 Nd4 13. Kh2 Nxc2 14. Qf3 Nxe1
15. Qe3 Nc2 16. Qf3 Nd4 17. Qd1 Bg4 18. Qh1 Nf3+ 19. Qxf3 Bxf3 20. Nd2 Qh5+ 21.
Kg1 Qh1# {normal} 0-1

[Event "DVM U14w 2020"]
[Site "Willingen GER"]
[Date "2021.06.24"]
[Round "1"]
[White "Lorenz, Veronika"]
[Black "Rotärmel, Leonie"]
[Result "1-0"]
[Termination "normal"]
[Board "6.1"]
[WhiteElo "1336"]
[BlackElo "1417"]
[WhiteClock "00:46:21"]
[BlackClock "00:07:35"]
[WhiteTeam "TSG Oberschöneweide e.V."]
[BlackTeam "SV Oberursel"]
[PlyCount "99"]
[WhiteFideId "16277406"]
[BlackFideId "16281390"]
[EventCountry "GER"]
[EventRounds "7"]
[EventType "team-swiss"]
[EventDate "2021.06.23"]

1. Nf3 {[%clk 1:30:51]} Nf6 {[%clk 1:29:34]} 2. g3 {[%clk 1:30:59]} d5 {[%clk
1:28:20]} 3. Bg2 {[%clk 1:31:01]} Nc6 {[%clk 1:27:51]} 4. d3 {[%clk 1:30:51]}
e5 {[%clk 1:27:11]} 5. O-O {[%clk 1:30:31]} Be7 {[%clk 1:26:47]} 6. e4 {[%clk
1:29:24]} O-O {[%clk 1:23:02]} 7. Nc3 {[%clk 1:28:22]} dxe4 {[%clk 1:19:16]} 8.
dxe4 {[%clk 1:28:01]} Qxd1 {[%clk 1:13:02]} 9. Rxd1 {[%clk 1:28:18]} Bg4 {[%clk
1:08:26]} 10. Be3 {[%clk 1:21:03]} Bxf3 {[%clk 1:02:54]} 11. Bxf3 {[%clk
1:21:21]} Nb4 {[%clk 1:00:21]} 12. Rd2 {[%clk 1:18:44]} c6 {[%clk 0:55:29]} 13.
a3 {[%clk 1:17:33]} Na6 {[%clk 0:55:16]} 14. Rad1 {[%clk 1:16:01]} b6 {[%clk
0:51:04]} 15. Bg5 {[%clk 1:11:46]} Rfd8 {[%clk 0:42:25]} 16. Bxf6 {[%clk
1:09:24]} Bxf6 {[%clk 0:42:23]} 17. Rd6 {[%clk 1:06:39]} Rxd6 {[%clk 0:39:10]}
18. Rxd6 {[%clk 1:07:00]} Nb8 {[%clk 0:38:58]} 19. Bg2 {[%clk 1:03:27]} Be7
{[%clk 0:38:04]} 20. Rd3 {[%clk 1:03:19]} b5 {[%clk 0:33:09]} 21. f4 {[%clk
1:02:09]} f6 {[%clk 0:31:13]} 22. Bh3 {[%clk 1:00:20]} a6 {[%clk 0:21:02]} 23.
Be6+ {[%clk 0:58:41]} Kf8 {[%clk 0:20:47]} 24. Nd1 {[%clk 0:55:49]} Ke8 {[%clk
0:19:16]} 25. Ne3 {[%clk 0:55:16]} exf4 {[%clk 0:18:12]} 26. gxf4 {[%clk
0:55:35]} Bc5 {[%clk 0:17:50]} 27. Kf2 {[%clk 0:54:38]} Bxe3+ {[%clk 0:18:07]}
28. Kxe3 {[%clk 0:55:00]} Ra7 {[%clk 0:16:58]} 29. Rc3 {[%clk 0:52:37]} Rc7
{[%clk 0:13:43]} 30. Rd3 {[%clk 0:47:20]} Nd7 {[%clk 0:13:01]} 31. Bxd7+ {[%clk
0:47:36]} Rxd7 {[%clk 0:13:15]} 32. Rxd7 {[%clk 0:48:01]} Kxd7 {[%clk 0:13:42]}
33. Kd4 {[%clk 0:48:14]} g5 {[%clk 0:11:32]} 34. fxg5 {[%clk 0:47:30]} fxg5
{[%clk 0:11:53]} 35. Ke5 {[%clk 0:47:53]} Ke7 {[%clk 0:07:13]} 36. Kf5 {[%clk
0:48:16]} Kd6 {[%clk 0:07:04]} 37. e5+ {[%clk 0:48:15]} Ke7 {[%clk 0:07:14]}
38. Kxg5 {[%clk 0:48:35]} Ke6 {[%clk 0:07:38]} 39. Kf4 {[%clk 0:48:44]} c5
{[%clk 0:07:39]} 40. h4 {[%clk 0:48:30]} a5 {[%clk 0:07:54]} 41. h5 {[%clk
0:48:30]} h6 {[%clk 0:08:02]} 42. Ke4 {[%clk 0:48:46]} b4 {[%clk 0:06:49]} 43.
a4 {[%clk 0:47:08]} c4 {[%clk 0:05:42]} 44. Kd4 {[%clk 0:47:20]} c3 {[%clk
0:05:59]} 45. bxc3 {[%clk 0:46:46]} bxc3 {[%clk 0:06:23]} 46. Kc5 {[%clk
0:46:55]} Kxe5 {[%clk 0:06:37]} 47. Kb5 {[%clk 0:46:13]} Kd4 {[%clk 0:06:53]}
48. Kxa5 {[%clk 0:45:37]} Ke3 {[%clk 0:07:21]} 49. Kb4 {[%clk 0:45:57]} Kd2
{[%clk 0:07:35]} 50. Kb3 {[%clk 0:46:21]} 1-0